| 000 | 00613nam a2200217 i 4500 | ||
|---|---|---|---|
| 001 | bgj | ||
| 245 | 0 | 0 |
_aDas Gedicht : _beine Sammlung / _cvon Benno von Wiese. |
| 260 |
_aFrankfurt am Main : _bSuhrkamp Verlag, _c1977. |
||
| 300 |
_a171, [1] S. ; _c18 cm. |
||
| 490 | 1 |
_aSuhrkamp Taschenbuch ; _v376 |
|
| 504 | _aBibliographie S. 155-159. | ||
| 650 | 9 | _aDeutsche Gedichte | |
| 700 | 1 |
_aWIESE, Benno _c(von ; _d1903- ) |
|
| 830 | _aSuhrkamp Taschenbuch ; | ||
| 020 | _a3518068768 | ||
| 040 | _cBPK | ||
| 041 | 0 | _ager | |
| 920 | _a3-518-06876-8 | ||
| 942 | _cKS | ||
| 008 | s gw f |000 0 ger | ||
| 999 |
_c50266 _d50266 |
||
| 856 |
_uhttp://koha.tu.koszalin.pl/cgi-bin/koha/opac-detail.pl?biblionumber=50266 _yKatalog online BPK |
||